Minutemen Characters Fallout 4 - Statistics

General Stats
  • This quiz has been taken 157 times
  • The average score is 5 of 7
Answer Stats
Hint Answer % Correct
Another settlement needs your help Preston Garvey
100%
Drug Addict Mama Murphy
91%
Repairman is actually a Synth Sturges
91%
Lost his son Jun Long
73%
Lost her son Marcy Long
69%
Can be found after you claim the Castle Ronnie Shaw
55%
Robot in the Castle ruins Sarge
53%
No matching quizzes found
Score Distribution
Percent of People with Each Score
Percentile by Number Answered
Your Score History
You have not taken this quiz